| 000 | 00720nam a2200205 a 4500 | ||
|---|---|---|---|
| 001 | 000048253 | ||
| 005 | 20201002061025.0 | ||
| 008 | 181210s2016 pr r 000 0 spa d | ||
| 020 | _a9789945581768 | ||
| 040 |
_aDO-SdBNP _bspa _cBNPHU |
||
| 082 |
_axxxx _bS232f |
||
| 100 | 1 |
_aSantana Santana, Benjamín, _d1947- _975689 |
|
| 245 | 1 | 0 |
_aFrente al Ángel : _bfragilidad humana y esperanza, una Fé que busca entendimiento / _cBenjamín Santana Santana. |
| 260 |
_aSan Juan, Puerto Rico : _bIsla Negra, _c2016. |
||
| 300 |
_a112 p. ; _c23 cm. |
||
| 490 | 1 | _aVisiones y cegueras | |
| 500 | _aIncluye datos biográficos del autor en las solapas | ||
| 590 | _aInventariado, 2019 / DG | ||
| 830 | 0 |
_aVisiones y cegueras _91120 |
|
| 999 |
_c47741 _d47741 |
||